|
|
|
|
| LEADER |
01456nam a2200397Ia 4500 |
| 001 |
EBC1606516 |
| 003 |
MiAaPQ |
| 005 |
20200520144314.0 |
| 006 |
m o d | |
| 007 |
cr cn||||||||| |
| 008 |
130221s2012 dcua sb 000 0 eng d |
| 020 |
|
|
|z 9781451922141
|
| 020 |
|
|
|z 9781463977054
|
| 035 |
|
|
|a (MiAaPQ)EBC1606516
|
| 035 |
|
|
|a (Au-PeEL)EBL1606516
|
| 035 |
|
|
|a (CaPaEBR)ebr10566411
|
| 035 |
|
|
|a (OCoLC)864300778
|
| 040 |
|
|
|a MiAaPQ
|c MiAaPQ
|d MiAaPQ
|
| 050 |
|
4 |
|a HQ799.2.P6
|b F56 2012
|
| 245 |
0 |
0 |
|a Finance & development
|h [electronic resource] :
|b June 2012.
|
| 246 |
3 |
|
|a F & D
|
| 246 |
3 |
|
|a Finance and development
|
| 260 |
|
|
|a Washington, D.C. :
|b International Monetary Fund,
|c 2012.
|
| 300 |
|
|
|a 57 p. :
|b col. ill.
|
| 490 |
0 |
|
|a Finance & development,
|x 0015-1947 ;
|v v. 49, no. 1
|
| 500 |
|
|
|a "Youth demanding change."
|
| 500 |
|
|
|a Two columns to the page.
|
| 504 |
|
|
|a Includes bibliographical references.
|
| 533 |
|
|
|a Electronic reproduction. Ann Arbor, MI : ProQuest, 2015. Available via World Wide Web. Access may be limited to ProQuest affiliated libraries.
|
| 650 |
|
0 |
|a Youth
|x Political activity.
|
| 650 |
|
0 |
|a Youth
|x Social conditions
|y 21st century.
|
| 650 |
|
0 |
|a Achievement motivation in youth.
|
| 655 |
|
4 |
|a Electronic books.
|
| 710 |
2 |
|
|a International Monetary Fund.
|
| 710 |
2 |
|
|a ProQuest (Firm)
|
| 856 |
4 |
0 |
|u https://ebookcentral.proquest.com/lib/matrademy/detail.action?docID=1606516
|z Click to View
|